National statistics on the index of production and the index of construction (Record no. 111902)

MARC details
000 -LEADER
fixed length control field 01251cad a22002055a 4500
001 - CONTROL NUMBER
control field L152161
008 - FIXED-LENGTH DATA ELEMENTS--GENERAL INFORMATION
fixed length control field 110204s2011 xxk f 000 0 eng d
035 ## - SYSTEM CONTROL NUMBER
System control number (Sirsi) u152161
041 0# - LANGUAGE CODE
Language code of text/sound track or separate title eng
110 2# - MAIN ENTRY--CORPORATE NAME
Corporate name or jurisdiction name as entry element Wales
Subordinate unit Welsh Assembly Government
245 00 - TITLE STATEMENT
Title National statistics on the index of production and the index of construction
Remainder of title quarter 3, 2010
Medium [electronic resource]
260 ## - PUBLICATION, DISTRIBUTION, ETC.
Place of publication, distribution, etc. Cardiff
Name of publisher, distributor, etc. Welsh Assembly Government
Date of publication, distribution, etc. 2011
490 #0 - SERIES STATEMENT
Series statement National Statistics on the Index of Production and the Index of Construction
Volume/sequential designation (SDR 10/2011) 11 January 2011
520 ## - SUMMARY, ETC.
Summary, etc. The Index of Production for Wales and the Index of Construction for Wales show the short term movements in the output of industries in the production and construction sectors within Wales including new data for the three months to September, relating to 2010 quarter 3. The Index of Production for Wales and the Index of Construction for Wales account for approximately 20 per cent and 7 per cent of the Welsh economy respectively.
590 ## - LOCAL NOTE (RLIN)
Local note KA NTK
651 #4 - SUBJECT ADDED ENTRY--GEOGRAPHIC NAME
Geographic name Wales
Chronological subdivision 2007-
690 ## - LOCAL SUBJECT ADDED ENTRY--TOPICAL TERM (OCLC, RLIN)
Topical term or geographic name as entry element BUILT ENVIRONMENT-CONSTRUCTION MARKET
856 40 - ELECTRONIC LOCATION AND ACCESS
Uniform Resource Identifier <a href="https://wales.gov.uk/docs/statistics/2011/110111sdr102011en.pdf">https://wales.gov.uk/docs/statistics/2011/110111sdr102011en.pdf</a>
Public note View the item free of charge at http://wales.gov.uk
942 ## - ADDED ENTRY ELEMENTS (KOHA)
Suppress in OPAC 0
Holdings
Withdrawn status Lost status Source of classification or shelving scheme Damaged status Not for loan Home library Current library Shelving location Date acquired Total Checkouts Full call number Barcode Date last seen Copy number Price effective from Koha item type
    Dewey Decimal Classification     Virtual Virtual Online 04/02/2011   ONLINE PUBLICATION 152161-2001 06/08/2019 1 06/08/2019 Book